How to publish your PhD : (Record no. 4177)

MARC details
000 -LEADER
fixed length control field 00798nam a22002292 4500
001 - CONTROL NUMBER
control field 0000020747
005 - DATE AND TIME OF LATEST TRANSACTION
control field 20151217145927.0
008 - FIXED-LENGTH DATA ELEMENTS--GENERAL INFORMATION
fixed length control field 111011s xx 000 0 eng d
020 ## - INTERNATIONAL STANDARD BOOK NUMBER
International Standard Book Number 1412907910 :
040 ## - CATALOGING SOURCE
Original cataloging agency KABU
Transcribing agency KABU
100 1# - MAIN ENTRY--PERSONAL NAME
Personal name Caro, Sarah.
-- 0000181295
245 10 - TITLE STATEMENT
Title How to publish your PhD :
Remainder of title a practical guide for the humanities and social sciences /
Statement of responsibility, etc. Sarah Caro.
250 ## - EDITION STATEMENT
Edition statement 1st ed.
260 ## - PUBLICATION, DISTRIBUTION, ETC. (IMPRINT)
Place of publication, distribution, etc. London :
Name of publisher, distributor, etc. SAGE,
Date of publication, distribution, etc. 2009.
300 ## - PHYSICAL DESCRIPTION
Extent viii, 136 p.
650 #0 - SUBJECT ADDED ENTRY--TOPICAL TERM
Topical term or geographic name as entry element Academic writing
Form subdivision Handbooks, manuals etc.
-- 0000153642
650 #0 - SUBJECT ADDED ENTRY--TOPICAL TERM
Topical term or geographic name as entry element Scholarly-publishing
General subdivision Handbooks, manuals, etc.
-- 0000181296
852 1# - LOCATION
-- p2920.20 KES
852 1# - LOCATION
-- p2920.20 KES
908 ## - PUT COMMAND PARAMETER (RLIN)
Put command parameter 111011
950 ## - LOCAL HOLDINGS (RLIN)
-- 1
Holdings
Withdrawn status Lost status Source of classification or shelving scheme Not for loan Home library Current library Date acquired Total Checkouts Full call number Barcode Date last seen Price effective from Koha item type
    Library of Congress Classification   Kabarak, Main Campus Kabarak, Main Campus 17/12/2015   LB2369 .C37 2009 c. 1 19204 17/12/2015 17/12/2015 General Collection
    Library of Congress Classification   Kabarak, Main Campus Kabarak, Main Campus 17/12/2015   LB2369 .C37 2009 c. 2 19206 17/12/2015 17/12/2015 General Collection
Designed with assistance from East African Informatics Ltd